000 01402nam a22002297a 4500
005 20251211145832.0
010 _aHIN-130677 B-772371-387 25BACHN25
020 _a9789392998980
_c325.00
035 _aB-772371-387
035 _aHN-103023
037 _bनयी किताब प्रकाशन
037 _bDBAD
082 _21
_a821
100 _aमंडलोई, लीलाधर
_986056
245 _a75 कविताएँ/
_cलीलाधर मंडलोईः ओम निश्चल द्वारा संपादित
260 _aनई दिल्ली
_bनयी किताब प्रकाशन
_c2023
270 _a1/11829, प्रथम तल, पंचशील गार्डन, नवीन शाहदरा,
_bदिल्ली
_e110032
300 _a149पृ.
_c22सेमी (सजिल्द)
700 _aनिश्चल,ओम
_984359
942 _adpl
_cHN
_2ddc
_h821
_mमंडलो
999 _c209900
_d209900